UBT Library

ELECTROCARDIOGRAPHY (Record no. 59738)

000 -LEADER
fixed length control field 00336nam a22001457a 4500
008 - FIXED-LENGTH DATA ELEMENTS--GENERAL INFORMATION
fixed length control field 230516b ||||| |||| 00| 0 eng d
020 ## - INTERNATIONAL STANDARD BOOK NUMBER
International Standard Book Number 9781260199772
041 ## - LANGUAGE CODE
Language code of text/sound track or separate title eng
080 ## - UNIVERSAL DECIMAL CLASSIFICATION NUMBER
Edition identifier FOURTH EDITION
Universal Decimal Classification number 616.12
082 ## - DEWEY DECIMAL CLASSIFICATION NUMBER
Classification number 616.12BOO
100 ## - Rafti
Rafti 11
101 ## - Shkurtesa
Shkurtesa KARDIO
245 ## - TITLE STATEMENT
Title ELECTROCARDIOGRAPHY
Statement of responsibility, etc BOOTH.A.K
942 ## - ADDED ENTRY ELEMENTS (KOHA)
Source of classification or shelving scheme
Item type Books
Holdings
Withdrawn status Lost status Source of classification or shelving scheme Damaged status Not for loan Collection code Permanent location Current location Date acquired Total Checkouts Full call number Barcode Date last seen Price effective from Koha item type
          Koleksioni i përgjithshem UBT - Lipjan UBT - Lipjan 05/16/2023   616.12BOO 002-800080238 05/16/2023 05/16/2023 Books
UBT Library © 2015-2024. All rights reserved University Education for Business and Technology